000 01506nam a2200229 a 4500
008 120416s0000 ||||||||||||||||| || u
020 _a1870670183
050 _aTP 248 Wal
100 _aWalgate, Robert
245 1 0 _aMiracle or menace?
246 _abiotechnology and the Third World
260 _aLondon
_bThe Panos Institute
_c1990
300 _aviii, 199p. : ill.
350 _a0.00
995 _aANNEX COLLECTION (Main Library)
_D0.00
_e733373
_FCBU-MAIN LIBRARY (Kitwe)
_H2
_I6.95
_jTP 248 Wal
_M3
_UAVAILABLE
_y45301
_ZAnnex Low-Usage Collection
995 _aANNEX COLLECTION (Main Library)
_D0.00
_e724569
_FCBU-MAIN LIBRARY (Kitwe)
_H4
_I6.95
_jTP 248 Wal
_M4
_UAVAILABLE
_y014525
_ZAnnex Low-Usage Collection
995 _aMAIN LIBRARY OPEN ACCESS
_D0.00
_e729092
_FCBU-MAIN LIBRARY (Kitwe)
_H1
_I6.95
_jTP 248 Wal
_M1
_UAVAILABLE
_y021063
_ZMain Library Open Access Collection
995 _aANNEX COLLECTION (Main Library)
_D0.00
_e730846
_FCBU-MAIN LIBRARY (Kitwe)
_H6
_I6.95
_jTP 248 Wal
_M6
_UAVAILABLE
_y027990
_ZAnnex Low-Usage Collection
995 _aANNEX COLLECTION (Main Library)
_D0.00
_e721568
_FCBU-MAIN LIBRARY (Kitwe)
_H5
_I6.95
_jTP 248 Wal
_M5
_UAVAILABLE
_y014526
_ZAnnex Low-Usage Collection
995 _aMAIN LIBRARY OPEN ACCESS
_D0.00
_e731407
_FCBU-MAIN LIBRARY (Kitwe)
_H7
_I6.95
_jTP 248 Wal
_M7
_UAVAILABLE
_y028831
_ZMain Library Open Access Collection
995 _aANNEX COLLECTION (Main Library)
_D0.00
_e729091
_FCBU-MAIN LIBRARY (Kitwe)
_H3
_I6.95
_jTP 248 Wal
_M3
_UAVAILABLE
_y021064
_ZAnnex Low-Usage Collection
999 _c77696
_d77696